| 000 | 00744nam a2200193Ia 4500 | ||
|---|---|---|---|
| 003 | GCL | ||
| 008 | 140319s9999 xx 000 0 ara d | ||
| 040 |
_aGCL / _cGCL |
||
| 082 | 0 | 4 |
_a320.5 _bم ت |
| 100 | 1 | _aمحمد جابر الانصارى | |
| 245 | 1 | 0 |
_aتكوين العرب السياسى ومغزى الدولة القطرية : مدخل الى اعادة فهم الواقع العربى / _cمحمد جابر الانصارى |
| 260 |
_a[S.N] : _bمركز دراسات الوحدة العربية ، _c1995 |
||
| 300 | _a203 ص | ||
| 490 |
_aالهيئة العامة للاستعلامات _v0 |
||
| 650 | 0 | 4 | _aالسياسة |
| 650 | 0 | 4 | _aالقومية العربية |
| 650 | 0 | 4 | _aالايديولوجية |
| 942 |
_2ddc _cBK |
||
| 999 |
_c27697 _d27697 |
||